Statistics for All Teams to Ever Play a FIFA World Cup

Click here to take the quiz!

General Stats

  • This quiz has been taken 131,468 times
    (74,366 since last reset)
  • The average score is 61 of 80

Answer Stats

#Top FinishTeam% Correct
21WinnerBrazil
99%
19WinnerGermany /
West Germany
98%
17WinnerArgentina
97%
15WinnerFrance
97%
15WinnerSpain
96%
18WinnerItaly
95%
15WinnerEngland
95%
114th placeRussia /
Soviet Union
95%
103rd placeUnited States
95%
13WinnerUruguay
93%
6Round 2Japan
93%
73rd placePortugal
93%
16QuartersMexico
92%
12Runners-upSweden
92%
5Round 2Australia
91%
10Runners-upNetherlands
91%
1Round 1China
90%
103rd placeSouth Korea
90%
3Round 1South Africa
89%
133rd placeBelgium
89%
3Round 1Egypt
88%
1Round 1Canada
88%
93rd placeChile
88%
3QuartersIreland
87%
6QuartersColombia
87%
5Runners-upCroatia
86%
3Round 2Norway
85%
83rd placePoland
85%
5QuartersDenmark
83%
2Round 1New Zealand
83%
5Round 1Iran
82%
6Round 2Nigeria
82%
3Round 2Greece
82%
11QuartersSwitzerland
82%
5QuartersPeru
82%
73rd placeAustria
80%
23rd placeTurkey
80%
8QuartersParaguay
80%
9Runners-upCzech Republic /
Czechoslovakia
79%
3Round 2Serbia / Serbia &
Montenegro
79%
1Round 1Iceland
78%
8Round 1Scotland
78%
9Runners-upHungary
78%
5Round 2Saudi Arabia
77%
5Round 2Morocco
77%
1Round 2Slovakia
76%
1QuartersUkraine
75%
2QuartersNorth Korea
75%
1QuartersWales
75%
4Round 2Algeria
75%
1Round 1Panama
75%
1Round 1Iraq
73%
5QuartersCosta Rica
73%
2Round 1Slovenia
73%
3QuartersGhana
71%
7QuartersRomania
71%
74th placeBulgaria
70%
3Round 1Honduras
70%
3Round 1Bolivia
70%
7QuartersCameroon
69%
3Round 2Ecuador
69%
3Round 1Ivory Coast
68%
5Round 1Tunisia
66%
1Round 1Bosnia &
Herzegovina
66%
2QuartersSenegal
65%
1Round 1Jamaica
63%
1QuartersCuba
62%
3QuartersNorthern Ireland
61%
1Round 1Israel
59%
1Round 1Zaire
58%
94th placeYugoslavia
57%
1Round 1Dutch East Indies
52%
2Round 1El Salvador
49%
1Round 1Trinidad and
Tobago
48%
1Round 1Haiti
47%
1Round 1United Arab
Emirates
45%
1Round 1Angola
44%
1Round 1Togo
44%
1Round 2East Germany
34%
1Round 1Kuwait
34%

Score Distribution

Percentile by Number Answered

Percent of People with Each Score

Your Score History

You have not taken this quiz since the last reset